[Event "Laval op"]
[Site "Laval "]
[Date "2014.06.20"]
[Round "1"]
[White "Beauregard, Pascal"]
[Black "Saine, Zachary"]
[Result "1/2-1/2"]
[WhiteElo "1517"]
[BlackElo "1666"]
[PlyCount "79"]
[EventDate "2014.06.20"]
[EventType "swiss"]
[EventRounds "5"]
[EventCountry "CAN"]
[SourceTitle "EXT 2015"]
[Source "ChessBase"]
[SourceDate "2014.11.20"]
[SourceVersion "1"]
[SourceVersionDate "2014.11.20"]
[SourceQuality "1"]

1. e4 e5 2. Nf3 Nc6 3. Bb5 Nf6 4. d3 d6 5. 0-0 Bg4 6. c3 Be7 7. Re1 0-0 8. Nbd2 a6 9. Ba4 b5 10. Bc2 Na5 11. Nf1 c5 12. h3 Bh5 13. Ng3 Bxf3 14. Qxf3 Re8 15. Be3 Nc6 16. Rad1 Qb6 17. Nf5 Bf8 18. d4 Rad8 19. d5 Nb8 20. Nh6+ gxh6 21. Qxf6 Nd7 22. Qh4 Kh8 23. Bxh6 Bxh6 24. Qxh6 Rg8 25. Rd3 c4 26. Rf3 Rg7 27. Qh4 Rdg8 28. g3 f6 29. Kh2 Qd8 30. Ree3 Rf7 31. Rf5 Qf8 32. Bd1 Qg7 33. Bg4 Nf8 34. Bh5 Ng6 35. Bxg6 Qxg6 36. Ref3 Rgf8 37. g4 a5 38. a3 a4 39. Qh5 Kg7 40. Qh4 1/2-1/2

[Event "Sherbrooke op-C"]
[Site "Sherbrooke"]
[Date "2008.05.23"]
[Round "1"]
[White "Doucet, Jean Pascal"]
[Black "Beauregard, Pascal"]
[Result "0-1"]
[WhiteElo "1008"]
[BlackElo "1288"]
[PlyCount "82"]
[EventDate "2008.05.23"]
[EventType "swiss"]
[EventRounds "5"]
[EventCountry "CAN"]
[SourceTitle "EXT 2011"]
[Source "ChessBase"]
[SourceDate "2010.11.26"]
[SourceVersion "1"]
[SourceVersionDate "2010.11.26"]
[SourceQuality "1"]

1. e4 e6 2. d4 d5 3. e5 c5 4. c3 Nc6 5. Nf3 Qb6 6. Bd2 Qxb2 7. Qb3 Qxa1 8. Be2 c4 9. Qc2 Ba3 10. 0-0 Qb2 11. Qc1 Qxc1 12. Bxc1 Bxc1 13. Rxc1 a6 14. a4 b5 15. axb5 axb5 16. Nfd2 Nge7 17. Rc2 b4 18. cxb4 Nxb4 19. Rb2 Nbc6 20. Nf3 Nf5 21. Rd2 Ra1 22. Rd1 Bd7 23. h3 Nfxd4 24. Nxd4 Nxd4 25. Kf1 Nxe2 26. Kxe2 0-0 27. Nc3 Rxd1 28. Nxd1 Rb8 29. Kd2 d4 30. g3 Ba4 31. Nc3 dxc3+ 32. Kxc3 Bb3 33. f4 Rd8 34. g4 Rd3+ 35. Kb2 Rxh3 36. g5 Rf3 37. g6 fxg6 38. f5 gxf5 39. Kc1 Rf2 40. Kb1 c3 41. Kc1 Rf1# 0-1

[Event "Sherbrooke op C"]
[Site "Sherbrooke"]
[Date "2007.05.27"]
[Round "5"]
[White "Beauregard, Pascal"]
[Black "Belanger, Christopher"]
[Result "1/2-1/2"]
[WhiteElo "1401"]
[BlackElo "1331"]
[PlyCount "106"]
[EventDate "2007.05.25"]
[EventType "swiss"]
[EventRounds "5"]
[EventCountry "CAN"]
[SourceTitle "EXT 2022"]
[Source "ChessBase"]
[SourceDate "2021.10.06"]
[SourceVersion "1"]
[SourceVersionDate "2021.10.06"]
[SourceQuality "1"]

1. e4 c5 2. c3 Nc6 3. d4 cxd4 4. cxd4 e6 5. Nf3 d6 6. Bb5 a6 7. Ba4 b5 8. Bc2 d5 9. 0-0 Nf6 10. Bg5 Be7 11. e5 Nd7 12. Bxe7 Nxe7 13. Nbd2 Ng6 14. a3 Bb7 15. Qe2 Nb6 16. b3 0-0 17. Bxg6 fxg6 18. Rac1 Qe7 19. Nb1 b4 20. a4 Rfc8 21. Qb2 a5 22. Rxc8+ Rxc8 23. Rc1 Rf8 24. Qe2 Ra8 25. Qe3 h6 26. Nbd2 Ba6 27. h3 Rc8 28. Nb1 Qd8 29. Qf4 Be2 30. Nh2 Rc7 31. Qd2 Ba6 32. Nf3 Qc8 33. Rxc7 Qxc7 34. Kh2 Qf7 35. Qc2 Qf5 36. Qxf5 gxf5 37. h4 g6 38. Kg3 Nd7 39. Kf4 Nf8 40. Ng1 Nh7 41. Nh3 Bf1 42. Kf3 g5 43. hxg5 hxg5 44. Ng1 Ba6 45. g4 f4 46. Nd2 Kf7 47. Nh3 Kg6 48. Kg2 Bd3 49. f3 Ba6 50. Kf2 Kf7 51. Ke1 Ke7 52. Kd1 Kd7 53. Kc2 Kc6 1/2-1/2